Fodor's guide Japan and East Asia 1968
সংরক্ষণ করুন:
| প্রধান লেখক: | |
|---|---|
| বিন্যাস: | গ্রন্থ |
| ভাষা: | Undetermined |
| প্রকাশিত: |
New York
David McKay
1968
|
| বিষয়গুলি: | |
| ট্যাগগুলো: |
ট্যাগ যুক্ত করুন
কোনো ট্যাগ নেই, প্রথমজন হিসাবে ট্যাগ করুন!
|
| Thư viện lưu trữ: | Trung tâm Học liệu Trường Đại học Cần Thơ |
|---|
| LEADER | 00512nam a2200193Ia 4500 | ||
|---|---|---|---|
| 001 | CTU_26781 | ||
| 008 | 210402s9999 xx 000 0 und d | ||
| 082 | |a 915.002 | ||
| 082 | |b F653 | ||
| 100 | |a Daniel Faucher | ||
| 245 | 0 | |a Fodor's guide | |
| 245 | 0 | |b Japan and East Asia 1968 | |
| 245 | 0 | |c Daniel Faucher | |
| 260 | |a New York | ||
| 260 | |b David McKay | ||
| 260 | |c 1968 | ||
| 650 | |a japan - description and travel | ||
| 904 | |i Minh, 981020 | ||
| 980 | |a Trung tâm Học liệu Trường Đại học Cần Thơ | ||